| 000 | 00411nam a2200121Ia 4500 | ||
|---|---|---|---|
| 008 | 200226s9999 xx 000 0 und d | ||
| 020 | _a978-1-68095-643-6 | ||
| 245 |
_cEdited by: Aleksandar Mratinkovic.-- _aHospitality e-marketing / |
||
| 260 |
_aUSA : _b3G E-LEARNING _c2017 |
||
| 300 |
_ax , 228 pages : _bcolor illustration ; _c24 cm. |
||
| 650 | _aHospitality industry -- marketing. | ||
| 650 | _aTelemarketing. | ||
| 999 |
_c362990 _d362990 |
||